000
00236nam a22001097a 4500
082
_a
363.73874BOO
100
_a
Booker Christopher
245
_a
The real global warming disaster
260
_a
London
_c
2009
300
_a
363
942
_c
BK
999
_c
55229
_d
55226